| 000 | 00488nam a22001697a 4500 | ||
|---|---|---|---|
| 005 | 20251108164101.0 | ||
| 008 | 250721s1994 xx 000 0 ara d | ||
| 082 | 1 | 4 | _a155.4/زكر |
| 100 | 1 | _aالشربيني، زكريا | |
| 245 | 1 | 0 | _aالمشكلات النفسية عند الأطفال / |
| 264 | 1 |
_aالقاهرة : _bدار الفكر العربي، _c1994. |
|
| 300 | _a211ص | ||
| 650 | 1 | 7 | _aالأطفال |
| 650 | 1 | 7 | _aالدراسات |
| 942 |
_2ddc _cBK |
||
| 999 |
_c3203 _d3203 |
||